अजीब आदमी / (Record no. 114397)

MARC details
000 -LEADER
fixed length control field 00935nam a22002537a 4500
005 - DATE AND TIME OF LATEST TRANSACTION
control field 20170124103007.0
010 ## - LIBRARY OF CONGRESS CONTROL NUMBER
LC control number A-802160
020 ## - INTERNATIONAL STANDARD BOOK NUMBER
Terms of availability 65.00
035 ## - SYSTEM CONTROL NUMBER
System control number A-802160
037 ## - SOURCE OF ACQUISITION
Source of stock number/acquisition Cen Lib/Ret
040 ## - CATALOGING SOURCE
Original cataloging agency DPL
Language of cataloging HN
082 ## - DEWEY DECIMAL CLASSIFICATION NUMBER
Classification number
Item number सोंधीओ
100 ## - MAIN ENTRY--PERSONAL NAME
Personal name सोंधी, ओम प्रकाश
9 (RLIN) 43705
245 ## - TITLE STATEMENT
Title अजीब आदमी /
Statement of responsibility, etc ओम प्रकाश सोंधी
246 ## - VARYING FORM OF TITLE
Title proper/short title Azeeb admi /
Remainder of title by Om Prakash Sondhi
260 ## - PUBLICATION, DISTRIBUTION, ETC. (IMPRINT)
Place of publication, distribution, etc दिल्ली
Name of publisher, distributor, etc स्वास्तिक प्रकाशन
Date of publication, distribution, etc 1996
270 ## - ADDRESS
City दिल्ली
Address 1376, कश्मीरी गेट
Postal code 110006
300 ## - PHYSICAL DESCRIPTION
Extent 117पृ.
Dimensions 17सेमी (सजिल्द)
650 ## - SUBJECT ADDED ENTRY--TOPICAL TERM
Topical term or geographic name as entry element हिन्दी साहित्य
9 (RLIN) 56653
650 ## - SUBJECT ADDED ENTRY--TOPICAL TERM
Topical term or geographic name as entry element उपन्यास
9 (RLIN) 56654
650 ## - SUBJECT ADDED ENTRY--TOPICAL TERM
Topical term or geographic name as entry element Hindi literature
9 (RLIN) 56655
650 ## - SUBJECT ADDED ENTRY--TOPICAL TERM
Topical term or geographic name as entry element Fiction
9 (RLIN) 8901
942 ## - ADDED ENTRY ELEMENTS (KOHA)
Source of classification or shelving scheme Dewey Decimal Classification
Koha item type Hindi Books
Classification part
Call number suffix सोंधीओ
Holdings
Withdrawn status Lost status Damaged status Not for loan Home library Current library Date acquired Source of acquisition Cost, normal purchase price Total Checkouts Full call number Barcode Date last seen Date checked out Copy number Cost, replacement price Price effective from Koha item type
        Central Library Central Library 17/08/2015 Cen Lib/Ret 65.00 2 उ सोंधीओ A-802160 06/08/2022 23/07/2022 1 65.00 17/08/2015 Hindi Books

© Delhi Public Library
Hit Counter
free hit counter